Statistics for NAME THE INFLUENCER

Click here to take the quiz!

General Stats

  • This quiz has been taken 16 times
  • The average score is 4 of 12

Answer Stats

CLUEAnswer% Correct
LOGAN PAULS BROTHERJake Paul
100%
RAPPER and SIDEMENKSI
57%
His EX Girlfriend is ADDISON RAEBryce Hall
50%
Song called SWEATSHIRTJacob Sartorius
36%
NICKELODEON star that came out as LESBIANJojo Siwa
29%
Was part of the original HYPE HOUSE along with his Girlfriend KOUVRAlex Warren
21%
Became viral on TIKTOK during LOCKDOWN in 2020 and is part of the STRANGER THINGS CASTNoah Schnapp
21%
Part of a band called ROADTRIP before he went soloHRVY
7%
His debut album is called TELL ME ABOUT TOMORROWJxdn
7%
TWINS and they have friends called DOBBY and TOMMax and Harvey Mills
7%
Has a cousin called ZACH LUGO who he regularly does videos withTrey Makai
7%
Part of the DREAM SMP and appears in twitch lives with TOMMYINIT and RANBOOTubbo
7%

Score Distribution

Percentile by Number Answered

Percent of People with Each Score

Your Score History

You have not taken this quiz